Latin place names - Statistics

General Stats
  • This quiz has been taken 264 times
  • The average score is 5 of 10
Answer Stats
Latin English % Correct
Roma Rome
100%
Londinium London
91%
Brittania Britain
71%
Gallia Gaul
48%
Oceanus Germanicus North sea
45%
Rhenus Flumen Rhine
41%
Asia Minor Anatolia
31%
Pontus Euxinus Black Sea
17%
Lacus Lemanni Lake Geneva
15%
Mauritania Maghreb
4%
No matching quizzes found
Score Distribution
Percent of People with Each Score
Percentile by Number Answered
Your Score History
You have not taken this quiz